| 000 | 00504nam a22001817a 4500 | ||
|---|---|---|---|
| 003 | OSt | ||
| 005 | 20140310183635.0 | ||
| 008 | 130207t xxu||||| |||| 00| 0 eng d | ||
| 020 | _a9710489862 | ||
| 050 |
_aHF 5635 _b.V34 2011 |
||
| 100 | _aValix, Conrado T. | ||
| 245 |
_aFinancial accounting / _cConrado T. Valix, Jose F. Peralta, Christian Aris M. Valix |
||
| 260 |
_aManila : _bGIC Enterprises, _c2011. |
||
| 300 |
_a972 p. : _c22 cm. |
||
| 521 | _aBSA | ||
| 942 |
_2lcc _cBK _kLOC |
||
| 999 |
_c25688 _d25688 |
||